Aportes clínicos a la prueba de Rorschach: publicaciones 1982-2002

Uloženo v:
Podrobná bibliografie
Hlavní autoři: Paredes Merino, Angélica (autora), Micheli Ibáñez, Carmen Gloria (Autor)
Médium: Kniha
Jazyk:španělština
Vydáno: Santiago Ciceros 2008
Vydání:1a. ed
Témata:
Tagy: Přidat tag
Žádné tagy, Buďte první, kdo vytvoří štítek k tomuto záznamu!

MARC

LEADER 00000cam a2200000 a 4500
001 UCC1780
003 CL-VaPUC
008 171124e20080600cl |||||||||||||||||spa|d
082 0 4 |a 150.287  |b PAR  |2 21 
100 |a Paredes Merino, Angélica  |e autora  |9 595853 
700 0 |a Micheli Ibáñez, Carmen Gloria  |e author  |9 595854 
245 1 0 |a Aportes clínicos a la prueba de Rorschach: publicaciones 1982-2002 
250 |a 1a. ed 
300 |a 277 p 
942 |c BK 
945 |d 20171124 15:27:00  |a arojas 
260 |a Santiago  |b Ciceros  |c 2008 
650 0 |a Pruebas psicológicas  |9 307459 
650 0 |a Psicometría  |9 260694 
650 7 |a INVESTIGACION PSICOLOGICA  |2 CL-VaPUC  |9 309030 
650 7 |a PSICOLOGIA EXPERIMENTAL  |2 CL-VaPUC  |9 309015 
583 |a last modification  |c 20171124 15:27:00  |k Rodrigo Vera 
999 |c 370145  |d 370143 
952 |0 0  |1 0  |3 erb  |4 0  |6 150_287000000000000_PAR_2008  |7 0  |8 R  |9 486467  |a BIBEDU  |b BIBEDU  |c MCIRC  |i 5437865  |o 150.287 PAR 2008  |p 5437865  |r 2023-01-13  |w 2019-11-24  |y BK_R  |z Catalogado en:20171124  |k PSI 
952 |0 0  |1 0  |3 erb  |4 0  |6 150_287000000000000_PAR_2008  |7 0  |8 R  |9 486468  |a BIBEDU  |b BIBEDU  |c MCIRC  |i 5437873  |o 150.287 PAR 2008  |p 5437873  |r 2023-01-13  |w 2019-11-24  |y BK_R  |z Catalogado en:20171124  |k PSI